| 000 | 00551nam a2200157 i 4500 | ||
|---|---|---|---|
| 001 | 114703 | ||
| 003 | ES-MaACL | ||
| 005 | 20230906190231.0 | ||
| 007 | t| | ||
| 008 | 070321s1930 sp ||||1| spa d | ||
| 245 | 0 | 3 | _aLa República de Venezuela en la Exposición Ibero-Americana de Sevilla, 1929-1930. |
| 260 |
_aMadrid : _b[s.n.], _c1930 ( _fSucesores de Rivadeneyra) |
||
| 300 |
_a160 p., 4 h. de lám., 1 map. pleg. : _bil. ; _c24 cm. |
||
| 611 | 2 | 7 |
_aExposición Ibero-Americana. _d1929-1930. _cSevilla) _9693 |
| 852 |
_aES-MaACL _jA-198 _bR.9145 |
||
| 999 |
_c114703 _d114703 |
||